01065cam a22002411 450000100060000000300080000600500170001400800390003103500190007004000360008904100080012508200270013310000450016024500490020526000300025430000250028450501180030965000390042794200120046699900170047895201640049595201640065914955BD-RjUL20211208235725.0140208s1968 enkab b 000 0 eng a(BD-RjUL)15009 aDLC/ICUcICUdDLCdBD-RjULbeng aeng00223a599.0953bHAM 19641 aHarrison, David L.q(David Lakin)94655714aThe mammals of Arabia /c David L. Harrison. aLondon :bE. Benn,c1968. av. :bill. ;c31 cm.0 av. 1. Insectivora. Chiroptera. Primates.--v. 2. Carnivora. Artiodactyla. Hyracoidea.--v. 3. Lagomorpha. Rodentia. 0aMammalszArabian Peninsula.946558 2ddccBK c14955d14955 00102ddc40718NFICaRUCLbRUCLcReadingd1974-04-08eEuro-Bangladesh News Agencyg176.00l0o599.0953 HAM V-2 1968r2014-02-08 00:00:00tC-1w2021-12-08yBK 00102ddc40718NFICaRUCLbRUCLcReadingd1974-04-08eEuro Bangladesh News Agencyg176.00l0o599.0953 HAM V-1 1964r2017-05-29 00:00:00tC-1w2017-05-29yBK